A philosophiai ethika elemei.

Uložené v:
Podrobná bibliografia
Hlavný autor: VANDRÁK, A. (Author)
Médium: Kniha
Jazyk:Hungarian
Vydané: 1842
Tagy: Pridať tag
Žiadne tagy, Buďte prvý kto otaguje tento záznam!

MARC

LEADER 00000nam a2200000 a 4500
001 000198103
005 00000000000000.0
008 040101s1842 e huno
041 0 |a hun 
100 1 |a VANDRÁK, A.  |4 aut 
245 1 0 |a A philosophiai ethika elemei. 
260 |c 1842 
500 |a Záznam neprešiel kontrolou 
910 |a svkkk 
998 |a BK 
090 |g SCKHL  |k HIS - študovňa  |a I.35637  |i 2720430583  |s Príručka / Študovňa